[Event "Tourn. n7993"]
[Site "www.chess-mail.com"]
[Date "2015.03.22"]
[Round "1"]
[White "Osopanda"]
[Black "Syd"]
[WhiteElo "2020"]
[BlackElo "2240"]
[Result "0-1"]
[Round "1"]
1.c4 e5
2.Nb1c3 Bf8b4
3.d3 Ng8f6
4.e4 O-O
5.a3 Bb4xc3
6.bxc3 c5
7.g3 d6
8.Bf1g2 Nb8c6
9.Ng1e2 h6
10.O-O Nf6h7
11.f4 f5
12.exf5 Bc8xf5
13.Bg2d5 Kh8
14.Bc1e3 Bf5g4
15.Qd1d2 Nh7f6
16.fxe5 Nc6xe5
17.Ne2f4 Nf6xd5
18.cxd5 Rf8f6
19.Kg2 Qd8d7
20.h3 Bg4f3
21.Rf1xf3 Ne5xf3
22.Kxf3 g5
23.c4 gxf4
24.Be3xf4 Qd7xh3
25.Qd2g2 Qh3xg2
26.Kxg2 Ra8e8
27.Ra1h1 Kg7
28.Kf3 Re8b8
29.a4 b6
30.Rh1e1 Kf7
31.g4 Rb8e8
32.Re1e4 a6
33.Kg3 Re8b8
34.d4 cxd4
35.Re4xd4 Rb8b7
36.Kh4 Kg6
37.g5 hxg5
38.Bf4xg5 Rf6f1
39.Rd4g4 Rb7h7
40.Kg3 Kf5
41.Rg4f4 Rf1xf4
42.Bg5xf4 Ke4
43.Bf4xd6 Rh7d7
44.c5 Kxd5
45.Bd6f8 bxc5
46.Kf4 Rd7f7
{ resign }
0-1

[Event "Tourn. n7909"]
[Site "www.chess-mail.com"]
[Date "2015.03.22"]
[Round "1"]
[White "Pgcbies"]
[Black "Nimzo"]
[WhiteElo "2730"]
[BlackElo "2640"]
[Result "1/2-1/2"]
[Round "1"]
1.e4 e6
2.d4 d5
3.Nb1c3 Ng8f6
4.Bc1g5 dxe4
5.Nc3xe4 Nb8d7
6.Ng1f3 h6
7.Bg5xf6 Nd7xf6
8.Bf1d3 Nf6xe4
9.Bd3xe4 c5
10.Qd1e2 Qd8a5
11.c3 cxd4
12.Nf3xd4 Bf8e7
13.O-O O-O
14.Ra1d1 Rf8d8
15.Nd4b3 Qa5c7
16.Rd1xd8 Qc7xd8
17.g3 Qd8c7
18.Qe2b5 g6
19.f4 a6
20.Qb5e5 Be7d6
21.Qe5d4 a5
22.Rf1d1 Ra8a6
23.Kg2 a4
24.Nb3c1 a3
25.b3 Bd6e7
26.Qd4e5 Ra6d6
27.Be4f3 Bc8d7
28.Nc1e2 Bd7c6
29.Rd1xd6 Be7xd6
30.Qe5e3 Bc6xf3
31.Kxf3 Bd6f8
32.Qe3e5 Qc7c6
33.Qe5e4 Qc6c8
34.Ke3 Qc8c5
35.Kd2 Qc5b5
36.b4 Kh7
37.Kc2 Qb5a4
{ draw }
1/2-1/2

[Event "Tourn. n8116"]
[Site "www.chess-mail.com"]
[Date "2015.03.22"]
[Round "1"]
[White "Emmanuelasi"]
[Black "Brigs"]
[WhiteElo "2330"]
[BlackElo "2460"]
[Result "1/2-1/2"]
[Round "1"]
1.e4 e5
2.Ng1f3 Nb8c6
3.Bf1b5 a6
4.Bb5a4 Ng8f6
5.O-O Nf6xe4
6.d4 exd4
7.Rf1e1 d5
8.Nf3xd4 Bf8d6
9.Nd4xc6 Bd6xh2
10.Kxh2 Qd8h4
11.Kg1 Qh4xf2
12.Kh2 Qf2h4
{ draw }
1/2-1/2

[Event "Tourn. n8077"]
[Site "www.chess-mail.com"]
[Date "2015.03.22"]
[Round "1"]
[White "Faerieking"]
[Black "Emmanuelasi"]
[WhiteElo "2220"]
[BlackElo "2250"]
[Result "0-1"]
[Round "1"]
1.e4 Nb8c6
2.d4 e5
3.Ng1f3 exd4
4.c3 Ng8f6
5.e5 Nf6d5
6.cxd4 d6
7.Bf1b5 Bf8e7
8.Nb1c3 Nd5xc3
9.bxc3 a6
10.Bb5a4 b5
11.exd6 Qd8xd6
12.Ba4c2 O-O
13.O-O Bc8b7
14.Bc1e3 Be7f6
15.Qd1d3 g6
16.Nf3d2 Bf6g7
17.Ra1d1 Ra8d8
18.Nd2e4 Qd6e7
19.Rd1d2 h6
20.Rd2e2 Nc6e5
21.Qd3d1 Ne5c4
{ resign }
0-1

[Event "Match"]
[Site "www.echecsemail.com"]
[Date "2015.03.22"]
[Round "1"]
[White "Maestro"]
[Black "Hrob71"]
[WhiteElo "1940"]
[BlackElo "1659"]
[Result "1/2-1/2"]
[Round "1"]
1.d4 d5
2.Ng1f3 Nb8c6
3.c4 Bc8g4
4.e3 e6
5.h3 Bg4xf3
6.Qd1xf3 Ng8f6
7.Nb1c3 Bf8b4
8.Bc1d2 Bb4xc3
9.Bd2xc3 Nf6e4
10.Bf1d3 f5
11.cxd5 Qd8xd5
12.Bd3xe4 fxe4
13.Qf3g3 O-O-O
14.O-O Nc6e7
15.a4 Ne7f5
16.Qg3e5 Qd5xe5
17.dxe5 Rd8d3
18.Rf1d1 Rh8d8
19.Rd1c1 Rd8d5
20.a5 Nf5e7
21.Bc3d4 Ne7c6
22.a6 Nc6xd4
23.exd4 Rd3xd4
24.axb7 Kxb7
25.Ra1a3 Rd4d1
26.Rc1xd1 Rd5xd1
27.Kh2 Rd1d5
28.Ra3b3 Kc8
29.g4 Rd5xe5
30.Kg3 a5
31.Kf4 Re5d5
32.Kxe4 c6
33.f4 g6
34.Rb3b6 Kc7
35.Rb6b3 h5
36.Rb3a3 Kb6
37.Ra3b3 Kc5
38.Rb3b8 hxg4
39.hxg4 Rd5d2
40.Ke5 Rd2f2
41.Rb8a8 Rf2xb2
42.Ra8xa5 Rb2b5
43.Ra5a8 Kb4
44.Kxe6 c5
45.Ra8c8 c4
46.f5 gxf5
47.gxf5 c3
48.f6 Rb5b7
49.f7 Rb7xf7
50.Kxf7 Kb3
51.Ke6 c2
52.Rc8b8 Kc3
53.Kd5 c1Q
54.Rb8c8 Kd2
55.Rc8xc1 Kxc1
{ draw }
1/2-1/2

[Event "Match"]
[Site "www.echecsemail.com"]
[Date "2015.03.22"]
[Round "1"]
[White "Whitekknight"]
[Black "F14"]
[WhiteElo "1830"]
[BlackElo "1599"]
[Result "1-0"]
[Round "1"]
1.e4 e5
2.Ng1f3 Nb8c6
3.Bf1c4 Bf8e7
4.Nb1c3 Ng8f6
5.d3 O-O
6.O-O d6
7.h3 a6
8.a4 Bc8e6
9.Bc1e3 Be6xc4
10.dxc4 Qd8c8
11.Qd1d3 Rf8d8
12.Nc3d5 Nf6xd5
13.cxd5 Nc6b8
14.Nf3h2 Nb8d7
15.b4 c6
16.c4 Nd7f6
17.f3 cxd5
18.exd5 h6
19.g4 Rd8e8
20.Ra1c1 Be7f8
21.Kg2 Re8e7
22.h4 e4
23.fxe4 Nf6xg4
24.Rf1f3 Ng4e5
25.Qd3e2 Ne5xf3
26.Qe2xf3 Qc8e8
27.Nh2g4 Ra8c8
28.Qf3g3 Kh7
29.Be3xh6 gxh6
30.Ng4f6 { resign }
1-0

[Event "Match"]
[Site "www.echecsemail.com"]
[Date "2015.03.22"]
[Round "1"]
[White "Hundegana"]
[Black "Gambitmiau"]
[WhiteElo "1920"]
[BlackElo "1800"]
[Result "1/2-1/2"]
[Round "1"]
1.d4 d5
2.Bc1f4 Nb8c6
3.c3 Bc8f5
4.Nb1d2 e6
5.e3 Bf8d6
6.Bf4g3 Ng8f6
7.f3 e5
8.f4 exd4
9.cxd4 O-O
10.Ra1c1 Rf8e8
11.Kf2 Nf6e4
12.Nd2xe4 Bf5xe4
13.Bf1d3 Nc6b4
14.Bd3xe4 dxe4
15.Rc1a1 Qd8d7
16.a3 Nb4d3
17.Kf1 Qd7b5
18.Qd1e2 Qb5xb2
19.Qe2xb2 Nd3xb2
20.Ng1e2 Nb2d3
21.a4 f5
22.Ne2c3 c6
23.Ke2 Ra8c8
24.Rh1b1 b6
25.a5 Bd6b4
26.Nc3d1 Bb4xa5
27.h4 c5
28.dxc5 Rc8xc5
29.Nd1f2 Rc5c2
30.Kf1 Nd3xf2
31.Bg3xf2 Re8d8
32.Rb1c1 Rc2b2
33.Ra1b1 Rd8d2
34.Rb1xb2 Rd2xb2
35.Rc1c8 Kf7
36.Rc8c7 Kg6
37.Rc7xa7 Kf6
38.h5 h6
39.Bf2h4 Ke6
40.Ra7xg7 Rb2b1
41.Ke2 Rb1b2
42.Kd1 Rb2d2
43.Kc1 Rd2d7
44.Rg7g6 Kf7
45.Rg6xh6 Ba5d2
46.Kc2 Bd2xe3
47.Rh6f6 Kg7
48.Rf6xf5 Rd7d2
49.Kb3 Rd2xg2
50.Rf5g5 Rg2xg5
51.Bh4xg5 Be3c5
52.Kc3 e3
53.Kd3 b5
54.f5 b4
55.Bg5xe3 Bc5d6
56.Kc4 Kf6
57.h6 Kxf5
58.h7 Bd6e5
59.Kxb4 Kg6
60.Be3f4 Be5g7
61.h8Q { draw }
1/2-1/2

[Event "Match"]
[Site "www.echecsemail.com"]
[Date "2015.03.22"]
[Round "1"]
[White "Geodad5"]
[Black "Gimmyg"]
[WhiteElo "2160"]
[BlackElo "2070"]
[Result "1-0"]
[Round "1"]
1.e4 Nb8c6
2.d4 d5
3.e5 Bc8f5
4.c3 f6
5.f4 e6
6.Ng1f3 Qd8d7
7.Bc1e3 Bf8e7
8.Bf1e2 Ng8h6
9.h3 Rh8f8
10.Nb1d2 Bf5e4
11.O-O Nh6f5
12.Be3f2 O-O-O
13.b4 Kb8
14.a4 fxe5
15.fxe5 h5
16.a5 b5
17.Be2xb5 a6
18.Bb5xa6 Nc6a7
19.Qd1b3 { resign }
1-0

[Event "Match"]
[Site "www.echecsemail.com"]
[Date "2015.03.22"]
[Round "1"]
[White "Paco"]
[Black "Harrytheking"]
[WhiteElo "1910"]
[BlackElo "1750"]
[Result "0-1"]
[Round "1"]
1.e4 b6
2.d4 Bc8a6
3.Ng1f3 Ba6xf1
4.Kxf1 d6
5.d5 Nb8d7
6.c4 Nd7c5
7.Nb1c3 a6
8.b4 Nc5d7
9.Nf3g5 Ng8h6
10.Qd1f3 Nd7e5
11.Qf3e2 Qd8d7
12.a3 c5
13.Nc3a4 Qd7xa4
14.bxc5 bxc5
15.f4 Ne5xc4
16.g3 e5
17.fxe5 Nc4xe5
18.Qe2h5 g6
19.Qh5e2 Bf8g7
20.Bc1b2 O-O
21.Kg2 Ne5c4
22.Bb2xg7 Kxg7
23.h4 Ra8b8
24.h5 Rb8b2
25.Rh1e1 Rb2xe2
26.Re1xe2 Nh6g4
27.hxg6 fxg6
28.Ng5e6 Kg8
29.Ne6xf8 Kxf8
30.Kh3 Nc4e3
31.e5 dxe5
32.d6 Qa4d7
33.Re2d2 Ng4f2
34.Kh4 Qd7g4
{ resign }
0-1

[Event "Match"]
[Site "www.echecsemail.com"]
[Date "2015.03.22"]
[Round "1"]
[White "Yangqi"]
[Black "Gatoss"]
[WhiteElo "1809"]
[BlackElo "1860"]
[Result "1-0"]
[Round "1"]
1.e4 c5
2.f4 Nb8c6
3.Ng1f3 e6
4.Bf1b5 Qd8c7
5.Nb1c3 Qc7xf4
6.d4 Qf4g4
7.d5 exd5
8.exd5 Nc6d4
9.O-O a6
10.Qd1e1 Bf8e7
11.Nf3e5 Qg4h5
12.d6 Be7xd6
13.Ne5xf7 Ng8e7
14.Nf7xd6 { resign }
1-0

[Event "Match"]
[Site "www.echecsemail.com"]
[Date "2015.03.22"]
[Round "1"]
[White "Ranjachess"]
[Black "Rindrandria"]
[WhiteElo "1650"]
[BlackElo "1590"]
[Result "0-1"]
[Round "1"]
1.d4 e6
2.a3 c5
3.Nb1c3 Qd8a5
4.Qd1d3 cxd4
5.Qd3b5 Qa5c7
6.Nc3e4 Qc7xc2
7.Qb5d3 Qc2a4
8.b3 Qa4a5
9.Bc1d2 Qa5c7
10.Ra1c1 Nb8c6
11.e3 Bf8xa3
12.Rc1c4 d5
13.Rc4a4 dxe4
14.Qd3xe4 f5
15.Qe4c2 Qc7d6
16.Bf1b5 Qd6d5
17.Bb5xc6 bxc6
18.Ng1f3 d3
19.Ra4d4 dxc2
20.Rd4xd5 cxd5
21.O-O Ba3b2
22.Nf3d4 Bc8a6
23.Rf1e1 Ra8c8
24.Bd2c1 Bb2c3
25.Re1e2 Ba6xe2
26.Nd4xe2 Bc3a5
27.Kf1 e5
28.f4 d4
29.exd4 exd4
30.Ne2xd4 Ng8h6
31.Ke2 O-O
32.Kd3 Rf8d8
33.Ke3 Ba5b6
34.Bc1b2 Bb6xd4
35.Bb2xd4 c1Q
36.Kd3 Qc1d1
37.Ke3 Nh6g4

0-1

[Event "Match"]
[Site "www.echecsemail.com"]
[Date "2015.03.22"]
[Round "1"]
[White "Expert"]
[Black "Malbertan"]
[WhiteElo "1680"]
[BlackElo "1950"]
[Result "1/2-1/2"]
[Round "1"]
1.d4 e5
2.dxe5 Nb8c6
3.Ng1f3 Qd8e7
4.g3 Nc6xe5
5.Nf3xe5 Qe7xe5
6.Bf1g2 Bf8c5
7.O-O Ng8f6
8.Nb1c3 O-O
9.Bc1f4 Qe5e7
10.e4 d6
11.Nc3d5 Nf6xd5
12.exd5 Bc8f5
13.c4 Qe7f6
14.Qd1d2 Rf8e8
15.Ra1e1 Bc5d4
16.Bf4g5 Bd4xf2
17.Rf1xf2 Re8xe1
18.Qd2xe1 Qf6xg5
19.Qe1d2 Qg5xd2
20.Rf2xd2 Ra8e8
21.Kf2 Bf5e4
22.Rd2e2 f5
23.Bg2xe4 fxe4
24.Ke3 Kf7
25.Kd4 { draw }
1/2-1/2

[Event "Match"]
[Site "www.echecsemail.com"]
[Date "2015.03.22"]
[Round "1"]
[White "Expert"]
[Black "Luzhin"]
[WhiteElo "1680"]
[BlackElo "2270"]
[Result "0-1"]
[Round "1"]
1.d4 Ng8f6
2.c4 e6
3.Ng1f3 d5
4.cxd5 exd5
5.Nb1c3 g6
6.Bc1g5 Bf8g7
7.e3 O-O
8.Bf1e2 h6
9.Bg5xf6 Bg7xf6
10.O-O Nb8c6
11.Be2b5 Nc6e7
12.h3 c6
13.Bb5d3 Rf8e8
14.b4 a5
15.a3 Bc8f5
16.Bd3xf5 Ne7xf5
17.Qd1b3 axb4
18.axb4 Ra8xa1
19.Rf1xa1 Nf5d6
20.Ra1a5 Qd8b6
21.Nf3d2 h5
22.Qb3a3 Bf6xd4
23.exd4 Re8e1
24.Kh2 Qb6xd4
25.Nd2f3 Qd4f4
26.g3 Qf4xf3
27.Ra5a8 Kh7
{ resign }
0-1

[Event "Match"]
[Site "www.echecsemail.com"]
[Date "2015.03.22"]
[Round "1"]
[White "Umzi"]
[Black "Neo"]
[WhiteElo "2060"]
[BlackElo "1760"]
[Result "1-0"]
[Round "1"]
1.e4 e6
2.d4 c6
3.Ng1f3 d5
4.e5 g6
5.Bc1e3 Bf8g7
6.Qd1d2 Ng8e7
7.Be3h6 O-O
8.Bh6xg7 Kxg7
9.Nb1c3 Ne7f5
10.O-O-O b5
11.g4 Nf5h6
12.g5 Nh6f5
13.h4 b4
14.Nc3a4 a5
15.h5 Bc8d7
16.Na4c5 Ra8a7
17.Bf1d3 Bd7c8
18.Bd3xf5 exf5
19.hxg6 hxg6
20.Rh1h6 Rf8h8
21.Rd1h1 Rh8xh6
22.Rh1xh6 Nb8a6
23.Qd2d1 Na6xc5
24.dxc5 Bc8e6
25.Qd1h1 Qd8g8
26.Nf3d4 Ra7a6
27.Qh1f1 Be6c8
28.f4 a4
29.Rh6h2 b3
30.Qf1h3 Bc8d7
31.Qh3h6 
1-0

[Event "Match"]
[Site "www.echecsemail.com"]
[Date "2015.03.22"]
[Round "1"]
[White "Hundegana"]
[Black "Forest"]
[WhiteElo "1920"]
[BlackElo "1630"]
[Result "1-0"]
[Round "1"]
1.d4 d5
2.Bc1f4 c6
3.c3 Ng8f6
4.f3 Qd8b6
5.Qd1c2 g6
6.e3 Bf8g7
7.Nb1d2 O-O
8.Bf1d3 Rf8e8
9.Ng1e2 Nf6h5
10.Bf4xb8 Ra8xb8
11.O-O Nh5f6
12.b4 e5
13.a4 exd4
14.exd4 Bc8e6
15.a5 Qb6c7
16.Ne2g3 b6
17.axb6 axb6
18.Ra1a2 Rb8a8
19.Rf1a1 Ra8xa2
20.Qc2xa2 c5
21.Qa2a7 Qc7xa7
22.Ra1xa7 cxb4
23.cxb4 h5
24.Ra7b7 Nf6d7
25.Bd3b5 Re8d8
26.Bb5xd7 Rd8xd7
27.Rb7b8 Kh7
28.Nd2b3 h4
29.Ng3e2 Rd7c7
30.Rb8xb6 Rc7c2
31.Ne2f4 Rc2c3
32.Nf4xe6 fxe6
33.Nb3c5 Bg7xd4
34.Kf1 Bd4xc5
35.bxc5 Rc3xc5
36.Rb6xe6 Kh6
37.Re6d6 Kg5
38.Kf2 Kf5
39.h3 g5
40.g4 Ke5
41.Rd6g6 Kf4
42.Rg6f6 Ke5
43.Rf6f5 Kd6
44.Rf5xg5 { resign }
1-0

[Event "Match"]
[Site "www.echecsemail.com"]
[Date "2015.03.22"]
[Round "1"]
[White "Kesalon"]
[Black "Darknight"]
[WhiteElo "1830"]
[BlackElo "1750"]
[Result "1-0"]
[Round "1"]
1.e4 e5
2.Ng1f3 d6
3.d4 exd4
4.Nf3xd4 a6
5.Nb1c3 c6
6.Bf1d3 h6
7.O-O h5
8.Bc1f4 g5
9.Bf4e3 Bc8g4
10.Qd1d2 Bf8h6
11.h3 Nb8d7
12.hxg4 hxg4
13.Nd4f5 Qd8f6
14.Bd3c4 Bh6f8
15.Be3d4 Nd7e5
16.Bc4b3 O-O-O
17.f4 g3
18.fxe5 Qf6g6
19.Nf5xg3 dxe5
20.Bb3xf7 Qg6g7
21.Bf7e6 Kc7
22.Bd4b6 Kxb6
23.Qd2xd8 Ka7
24.Rf1xf8 Qg7e7
25.Qd8xe7 Ng8xe7
26.Rf8xh8 Ne7g6
27.Rh8g8 Ng6e7
28.Rg8xg5 Kb8
29.Rg5xe5 Ne7g6
30.Re5g5 Ng6e7
31.Ra1d1 c5
32.Rg5xc5 Ne7c6
33.Rc5xc6 bxc6
34.Be6d7 Kc7
35.e5 c5
36.e6 Kd8
37.Ng3f5 c4
38.e7 Kc7
39.e8Q Kb6
40.Qe8d8 Ka7
41.Qd8c7 { resign }
1-0

[Event "Match"]
[Site "www.echecsemail.com"]
[Date "2015.03.22"]
[Round "1"]
[White "Wwgia"]
[Black "Difficult"]
[WhiteElo "2120"]
[BlackElo "1880"]
[Result "0-1"]
[Round "1"]
1.d4 Ng8f6
2.c4 e6
3.Ng1f3 Bf8b4
4.Nb1d2 b6
5.a3 Bb4xd2
6.Qd1xd2 O-O
7.b4 Nf6e4
8.Qd2d3 Bc8b7
9.Bc1b2 d5
10.g3 dxc4
11.Qd3xc4 Bb7d5
12.Qc4c2 a5
13.Bf1g2 axb4
14.axb4 Ra8xa1
15.Bb2xa1 Ne4f6
16.O-O Bd5e4
17.Qc2a2 Nb8d7
18.Rf1c1 Qd8b8
19.Qa2c4 c6
20.Nf3d2 Be4d5
21.Qc4d3 Rf8c8
22.e4 Bd5a2
23.Ba1b2 b5
24.Rc1a1 Ba2c4
25.Nd2xc4 bxc4
26.Qd3xc4 Qb8b7
27.Bb2c3 Rc8a8
28.Ra1xa8 Qb7xa8
29.h3 h6
30.b5 cxb5
31.Qc4xb5 Qa8a3
32.Qb5b4 Qa3c1
33.Kh2 Qc1c2
34.f4 Nf6xe4
35.Bc3e1 Nd7f6
36.Qb4b8 Kh7
37.Qb8e5 Qc2e2
38.Be1a5 Qe2f2
39.f5 exf5
40.d5 Ne4g5
41.Qe5f4 Qf2xf4
42.gxf4 Ng5e4
43.Ba5d8 Nf6xd5
{ resign }
0-1

[Event "Match"]
[Site "www.echecsemail.com"]
[Date "2015.03.22"]
[Round "1"]
[White "Reanna"]
[Black "Hrob71"]
[WhiteElo "1640"]
[BlackElo "1499"]
[Result "0-1"]
[Round "1"]
1.c4 e5
2.e4 Ng8f6
3.Nb1c3 Bf8c5
4.Ng1f3 Nf6g4
5.d4 exd4
6.Nf3xd4 Ng4xf2
7.Kxf2 Qd8f6
8.Ke1 Bc5xd4
9.Qd1e2 Bd4xc3
10.Kd1 Bc3e5
11.h3 Nb8c6
12.g4 Nc6d4
13.Qe2d3 Qf6f3
14.Qd3xf3 Nd4xf3
15.Bf1g2 Nf3d4
16.Rh1f1 O-O
17.Bc1f4 d6
18.Bf4xe5 dxe5
19.Kd2 c5
20.b3 Bc8d7
21.Rf1f2 Bd7c6
22.Kd3 Ra8d8
23.Ke3 g6
24.h4 Nd4e6
25.g5 Rd8d4
26.a4 Ne6f4
27.Rf2xf4 exf4
28.Kxf4 f5
29.Ke3 Bc6xe4
30.Bg2xe4 fxe4
31.Ra1a2 Rf8f3
32.Ke2 Rf3xb3
33.a5 Rb3h3
34.Kf1 Rd4xc4
35.Kg2 Rh3xh4
36.a6 b5
37.Kg3 Rh4h1
38.Kf4 Rh1f1
39.Ke3 Rf1f3
40.Ke2 b4
41.Ra2d2 b3
42.Rd2d7 Rc4c2
43.Ke1 b2
44.Rd7d8 Kf7
45.Rd8d7 Ke6
46.Rd7d1 Rc2c1
47.Kd2 Rf3d3
{ resign }
0-1

[Event "Match"]
[Site "www.echecsemail.com"]
[Date "2015.03.22"]
[Round "1"]
[White "Knitwit"]
[Black "Xandersonx"]
[WhiteElo "1279"]
[BlackElo "1719"]
[Result "0-1"]
[Round "1"]
1.e4 g5
2.Ng1h3 e6
3.d4 b6
4.Bf1c4 h6
5.O-O d5
6.Bc4b5 c6
7.Bb5a4 Bc8a6
8.Rf1e1 b5
9.Ba4b3 c5
10.Qd1d2 c4
11.Bb3xc4 bxc4
12.Nb1a3 g4
13.Nh3f4 Nb8d7
14.Na3b1 h5
15.Qd2e2 Qd8b6
16.Nb1c3 Qb6xd4
17.Nc3a4 Bf8b4
18.Re1d1 Qd4e5
19.Qe2e3 dxe4
20.Rd1d4 Ng8f6
21.Nf4e2 Bb4d6
22.b4 Qe5xh2
23.Kf1 Qh2h1
24.Ne2g1 Bd6h2
25.f4 c3
26.Kf2 Qh1xg1

0-1

[Event "Match"]
[Site "www.echecsemail.com"]
[Date "2015.03.22"]
[Round "1"]
[White "Expert"]
[Black "Antuan72"]
[WhiteElo "1680"]
[BlackElo "2000"]
[Result "1/2-1/2"]
[Round "1"]
1.d4 d5
2.c4 e6
3.Nb1c3 c6
4.e3 Ng8f6
5.Ng1f3 Bf8e7
6.cxd5 cxd5
7.Bf1d3 O-O
8.O-O Nb8c6
9.a3 a6
10.b4 b5
11.Bc1b2 Bc8b7
12.Nf3e5 Be7d6
13.f4 Nc6e7
14.Nc3e2 Ra8c8
15.Ra1c1 Rc8xc1
16.Qd1xc1 Qd8c8
17.Qc1d2 Qc8b8
18.Rf1c1 Rf8c8
19.Rc1xc8 Qb8xc8
20.h3 Bd6xe5
21.fxe5 Nf6e4
22.Bd3xe4 dxe4
23.Ne2c3 Qc8c4
24.Qd2e2 Qc4c8
25.Qe2f2 { draw }
1/2-1/2

[Event "1/64 Finale"]
[Site "www.chess-mail.com"]
[Date "2015.03.22"]
[Round "1"]
[White "Samael"]
[Black "Carloswhizz"]
[WhiteElo "2120"]
[BlackElo "1770"]
[Result "1/2-1/2"]
[Round "1"]
1.e4 d5
2.exd5 c6
3.Ng1f3 Ng8f6
4.Nb1c3 Bc8d7
5.d3 e6
6.Bf1e2 cxd5
7.O-O Nb8c6
8.h3 Bf8e7
9.Bc1f4 O-O
10.Bf4h2 a6
11.a3 Ra8c8
12.Nf3e5 Nc6xe5
13.Bh2xe5 b5
14.Nc3a2 Qd8b6
15.Ra1c1 Bd7c6
16.Kh1 Nf6d7
17.Be5f4 e5
18.Bf4e3 d4
19.Be3d2 Qb6b7
20.f3 f5
21.Na2b4 Nd7b6
22.Nb4xc6 Qb7xc6
23.c3 Qc6d5
24.cxd4 Qd5xd4
25.Bd2c3 Qd4d6
26.Bc3b4 Qd6e6
27.Bb4xe7 Qe6xe7
28.Qd1d2 Rc8xc1
29.Rf1xc1 Qe7h4
30.Qd2e1 Qh4g5
31.Rc1c2 Nb6d5
32.Be2f1 Rf8e8
33.Rc2e2 Qg5f4
34.Qe1d2 Qf4g3
35.Qd2e1 Qg3f4
36.Qe1d2 Qf4g3
37.Qd2e1 Qg3f4
38.Qe1d2 Qf4g3
39.Qd2e1 Qg3f4
40.Qe1f2 h5
41.g3 Qf4g5
42.f4 Qg5f6
43.Bf1g2 Nd5c7

1/2-1/2

[Event "1/128 Finale"]
[Site "www.chess-mail.com"]
[Date "2015.03.22"]
[Round "1"]
[White "Cristiano"]
[Black "Sunderland"]
[WhiteElo "2140"]
[BlackElo "1640"]
[Result "1-0"]
[Round "1"]
1.f4 e5
2.e4 Bf8c5
3.Ng1f3 d6
4.Bf1c4 Ng8f6
5.c3 O-O
6.d4 exd4
7.cxd4 Bc5b4
8.Bc1d2 Bb4xd2
9.Nb1xd2 d5
10.exd5 Nf6xd5
11.Qd1b3 Rf8e8
12.Kf2 c6
13.h3 Qd8d6
14.Bc4xd5 cxd5
15.g3 Nb8c6
16.Ra1e1 Re8xe1
17.Kxe1 Qd6e7
18.Kf2  { time }
1-0

[Event "1/64 Finale"]
[Site "www.chess-mail.com"]
[Date "2015.03.22"]
[Round "1"]
[White "Awfen"]
[Black "Hali"]
[WhiteElo "1950"]
[BlackElo "2210"]
[Result "0-1"]
[Round "1"]
1.e4 c5
2.Bf1c4 g6
3.Ng1f3 Bf8g7
4.Nf3g5 e6
5.d3 Ng8e7
6.O-O O-O
7.Nb1d2 Nb8c6
8.a3 d5
9.Bc4a2 b5
10.exd5 exd5
11.Nd2f3 h6
12.Ng5h3 Bc8xh3
13.gxh3 Qd8d7
14.Kg2 Ne7f5
15.c4 bxc4
16.dxc4 d4
17.Bc1f4 a5
18.Qd1d3 g5
19.Bf4d2 Nc6e5
20.Nf3xe5 Nf5h4
21.Kg1 Bg7xe5
22.Ba2b1 f5
23.f4 Qd7b7
24.Rf1f2 gxf4
25.Bd2xf4 Be5xf4
26.Qd3e2 Bf4e3
27.Kf1 Qb7h1

0-1

[Event "Eq:Slap Shot Mates-Clubul Central de Sah : "]
[Site "www.chess-mail.com"]
[Date "2015.03.22"]
[Round "1"]
[White "Mustaphly"]
[Black "Pispindroi"]
[WhiteElo "2640"]
[BlackElo "2640"]
[Result "0-1"]
[Round "1"]
1.d4 d5
2.Ng1f3 Ng8f6
3.c4 c6
4.Nb1c3 e6
5.e3 Nb8d7
6.Qd1c2 Bf8d6
7.Bf1d3 O-O
8.O-O dxc4
9.Bd3xc4 a6
10.Rf1d1 b5
11.Bc4d3 Bc8b7
12.e4 e5
13.Bc1g5 h6
14.Bg5h4 exd4
15.Nf3xd4 Qd8c7
16.h3 Rf8e8
17.a4 b4
18.Nc3e2 c5
19.Nd4f5 Bd6h2
20.Kh1 Re8xe4
21.f3 Re4xh4
22.Nf5xh4 Bh2d6
23.Nh4f5 Bd6f8
24.Ne2g1 Ra8e8
25.Rd1e1 Nd7e5
26.Nf5e3 Ne5xd3
27.Qc2xd3 Nf6h5
28.Ne3f1 Nh5f4
29.Qd3c2 Re8c8
30.b3 c4
31.bxc4 Qc7xc4
32.Qc2xc4 Rc8xc4
33.Re1e8 g6
34.a5 Bb7c6
35.Re8c8 Kg7
36.Ra1b1 Bf8d6
37.Rc8d8 Bd6c7
38.Rd8d2 Nf4d5
39.Ng1e2 Rc4c5
40.Ne2d4 Bc6a4
41.Rb1a1 Rc5xa5
42.Rd2a2 Nd5c3
43.Ra2b2 Bc7d6
44.Nf1e3 Ra5g5
45.Ne3c4 Bd6c5
46.f4 Rg5d5
47.Nd4b3 Bc5e7
48.Nc4b6 Ba4xb3
49.Rb2xb3 Rd5d4
50.Nb6a4 Nc3e4
51.Rb3e3 Be7f6
52.g3 Ne4f2
53.Kg2 Rd4d2
54.Ra1e1 Rd2a2
55.Re3e2 Ra2xa4
56.Kxf2 b3
57.Re1b1 Ra4a3
58.g4 a5
59.Re2e4 g5
60.fxg5 hxg5
61.Ke2 b2
62.Kd2 a4
63.Re4c4 Ra3a1
64.Kc2 a3
65.Rc4a4 Bf6e5
66.Ra4a6 Be5f4
67.Ra6a7 Kf6
68.Ra7a6 Ke5
69.Ra6a5 Ke4
70.Ra5a7 Bf4e5
71.Ra7a4 Ke3
72.Ra4a5 f6
73.Ra5a7 Kf3
74.Ra7a4 { time. }
0-1

[Event "Eq:La Taverne-Equipo Juan Diaz : "]
[Site "www.chess-mail.com"]
[Date "2015.03.22"]
[Round "1"]
[White "Nestor"]
[Black "Quetzaltcoal"]
[WhiteElo "2100"]
[BlackElo "2040"]
[Result "1-0"]
[Round "1"]
1.e4 c5
2.Ng1f3 d6
3.Bf1c4 Ng8f6
4.d3 e6
5.O-O Bf8e7
6.e5 dxe5
7.Nf3xe5 O-O
8.Nb1c3 a6
9.Qd1f3 Qd8c7
10.Bc1f4 Be7d6
11.Rf1e1 Nb8d7
12.Ne5xd7 Bc8xd7
13.Bf4xd6 Qc7xd6
14.Qf3xb7 Bd7c6
15.Qb7b3 Nf6g4
16.g3 Ng4e5
17.Re1e3 Ne5f3
18.Re3xf3 Bc6xf3
19.Nc3e4 Qd6e5
20.c3 Qe5h5
21.Ne4d2 Bf3c6
22.Ra1f1 Qh5h3
23.Nd2e4 Kh8
24.f3  { time }
1-0

[Event "Eq:Equipo Juan Diaz-Helvetica B : "]
[Site "www.chess-mail.com"]
[Date "2015.03.22"]
[Round "1"]
[White "Hrob71"]
[Black "Etekrik"]
[WhiteElo "2000"]
[BlackElo "2170"]
[Result "0-1"]
[Round "1"]
1.e4 c5
2.Ng1f3 d6
3.d4 cxd4
4.Nf3xd4 Ng8f6
5.Nb1c3 e6
6.Bc1e3 Nb8c6
7.f3 Bf8e7
8.Qd1d2 O-O
9.O-O-O d5
10.exd5 Nf6xd5
11.Nc3xd5 Qd8xd5
12.Nd4xc6 Qd5xc6
13.Bf1d3 Rf8d8
14.Qd2e2 Qc6c7
15.Kb1 Bc8d7
16.f4 Bd7c6
17.Rh1g1 Rd8d5
18.g4 Ra8d8
19.f5 exf5
20.gxf5 Qc7e5
21.Rd1e1 Be7f6
22.Qe2g4 Qe5xb2
{ resign }
0-1

[Event "Eq:CONFOEDERATIONIS HELVETICAE-Angels of Checkmate : "]
[Site "www.chess-mail.com"]
[Date "2015.03.22"]
[Round "1"]
[White "Korto"]
[Black "Bigrezi"]
[WhiteElo "2440"]
[BlackElo "1750"]
[Result "1-0"]
[Round "1"]
1.d4 Ng8f6
2.Ng1f3 d5
3.c4 e6
4.Nb1c3 Bf8b4
5.Qd1c2 Nf6e4
6.e3 Ne4xc3
7.bxc3 Bb4e7
8.Bf1d3 Nb8c6
9.cxd5 exd5
10.O-O g6
11.e4 dxe4
12.Bd3xe4 Qd8d7
13.Bc1h6 Be7f6
14.Rf1e1 Qd7d6
15.Be4xc6 Kd8
16.Bc6a4 Bc8e6
17.Ra1b1 Be6d5
18.Nf3g5 Ra8b8
19.c4 Bd5c6
20.Ng5xf7 { resign }
1-0

[Event "Tourn. n8084"]
[Site "www.chess-mail.com"]
[Date "2015.03.23"]
[Round "1"]
[White "Johnmcbride"]
[Black "Amaya"]
[WhiteElo "1760"]
[BlackElo "1900"]
[Result "1-0"]
[Round "1"]
1.e4 e5
2.Ng1f3 Nb8c6
3.c3 d6
4.h3 Ng8f6
5.d3 Bf8e7
6.b4 a6
7.Bf1e2 O-O
8.a4 Bc8d7
9.Bc1e3 Qd8c8
10.Nb1d2 b6
11.b5 axb5
12.axb5 Nc6a5
13.Nd2c4 Bd7xb5
14.Nc4xa5 Ra8xa5
15.Ra1xa5 bxa5
16.c4 Bb5d7
17.Nf3d2 h6
18.Nd2b1 Nf6h7
19.Nb1a3 d5
20.Be3c1 d4
21.Na3b5 Bd7xb5
22.cxb5 Qc8b7
23.Qd1a4 Be7b4
24.Bc1d2 Bb4xd2
25.Kxd2 Rf8a8
26.Rh1c1 g6
27.Rc1c6 Nh7f8
28.Qa4c4 Nf8e6
29.Be2g4 Ra8b8
30.Bg4xe6 fxe6
31.Rc6xc7 Qb7xb5
32.Qc4xe6 Kh8
33.Qe6f6 Kg8
34.Qf6g7 
1-0

[Event "Tourn. n8013"]
[Site "www.chess-mail.com"]
[Date "2015.03.23"]
[Round "1"]
[White "Osopanda"]
[Black "Ssharp"]
[WhiteElo "2080"]
[BlackElo "2150"]
[Result "1/2-1/2"]
[Round "1"]
1.d4 d5
2.c4 e6
3.Nb1c3 Ng8f6
4.Ng1f3 c6
5.e3 Nb8d7
6.b3 Bf8d6
7.Bc1b2 O-O
8.Bf1d3 e5
9.dxe5 Nd7xe5
10.Nf3xe5 Bd6xe5
11.Qd1e2 Rf8e8
12.cxd5 cxd5
13.O-O Bc8d7
14.Rf1d1 Qd8b6
15.Ra1b1 d4
16.Nc3e4 Nf6xe4
17.Bd3xe4 Bd7b5
18.Qe2h5 g6
19.Qh5h4 dxe3
20.Bb2xe5 exf2
21.Qh4xf2 Qb6xf2
22.Kxf2 Re8xe5
23.Be4xb7 Re5e2
24.Kg3 Ra8b8
25.Bb7f3 Re2xa2
26.Rd1d4 Ra2c2
27.Bf3d5 Kg7
28.Rb1e1 Rb8e8
29.Re1xe8 Bb5xe8
30.Rd4f4 f5
31.Rf4b4 Rc2c7
{ draw }
1/2-1/2

[Event "Tourn. n8059"]
[Site "www.chess-mail.com"]
[Date "2015.03.23"]
[Round "1"]
[White "Genius9"]
[Black "Crull"]
[WhiteElo "1610"]
[BlackElo "1810"]
[Result "0-1"]
[Round "1"]
1.c4 Ng8f6
2.Nb1c3 g6
3.g3 Bf8g7
4.Bf1g2 a6
5.d4 d6
6.e4 O-O
7.Ng1e2 Bc8g4
8.h3 Bg4e6
9.d5 Be6d7
10.O-O Qd8c8
11.Kh2 e5
12.Bc1g5 Nf6h5
13.Qd1d2 Bg7h8
14.b4 Nh5g7
15.c5 Ng7h5
16.Ra1c1 a5
17.a3 f6
{ time. }
0-1

[Event "Tourn. n8075"]
[Site "www.chess-mail.com"]
[Date "2015.03.23"]
[Round "1"]
[White "Ff333"]
[Black "Francesco"]
[WhiteElo "2050"]
[BlackElo "2090"]
[Result "1-0"]
[Round "1"]
1.e4 c6
2.Ng1f3 d5
3.exd5 cxd5
4.Bf1b5 Bc8d7
5.Qd1e2 Ng8f6
6.O-O e6
7.Nf3e5 a6
8.Ne5xd7 Nb8xd7
9.Bb5a4 b5
10.Ba4b3 Nd7c5
11.d3 Nc5xb3
12.axb3 Bf8d6
13.Bc1g5 h6
14.Bg5h4 Ra8c8
15.Ra1xa6 Qd8c7
16.Bh4g3 Bd6xg3
17.fxg3 Qc7xc2
18.Qe2xc2 Rc8xc2
19.Ra6a8 Ke7
20.Ra8xh8 Nf6e8
21.Nb1a3 Rc2xb2
22.Rf1b1 Rb2a2
23.Na3xb5 f6
24.Rb1c1 { resign }
1-0